| 000 | 00638nam a2200181 i 4500 | ||
|---|---|---|---|
| 001 | 24100 | ||
| 003 | ES-MaACL | ||
| 005 | 20230906153005.0 | ||
| 007 | t| | ||
| 008 | 021216s1972 sp ||||1| spa d | ||
| 100 | 1 |
_aAmat Escandell, Luis. _921139 |
|
| 245 | 1 | 3 |
_aLa comarca en la reestructuración del territorio... / _cLuis Amat Escandell, Miguel Bueno Gómez, Mario Gaviria Labarta. |
| 260 |
_a[Madrid] : _bInstituto de Estudios de Administracion Local, _c[1972] |
||
| 300 |
_a308 p. ; _c24 cm. + _e6 map. pleg. |
||
| 700 | 1 |
_aBueno Gómez, Miguel. _932396 |
|
| 700 | 1 |
_aGaviria, Mario. _956091 |
|
| 852 |
_aES-MaACL _jC-43075 _bR.82188 |
||
| 999 |
_c24100 _d24100 |
||